[Event "FSIM May"]
[Site "Budapest HUN"]
[Date "2000.05.06"]
[Round "1"]
[White "Nemeth,Z"]
[Black "Yu Mingyuan"]
[Result "1-0"]
[WhiteElo "2379"]
[BlackElo "2419"]

1.Nf3 c5 2.c4 Nf6 3.g3 b6 4.Bg2 Bb7 5.O-O e6 6.d4 cxd4 7.Qxd4 Be7 8.Nc3 d6
9.b3 O-O 10.Rd1 Nbd7 11.e4 a6 12.Ba3 Nc5 13.e5 dxe5 14.Qxd8 Rfxd8 15.Nxe5 Bxg2
16.Kxg2 Rdc8 17.Bxc5 Rxc5 18.Nd7 Nxd7 19.Rxd7 Bf6 20.Rad1 Rc6 21.Ne4 Kf8
22.Nxf6 gxf6 23.Rb7 Kg7 24.Rdd7 Rf8 25.Kf3 f5 26.Ke3 e5 27.Re7 Kf6 28.Rec7 Rd6
29.Ra7 e4 30.Rd7 Rxd7 31.Rxd7 Rb8 32.Kf4 Ke6 33.Rd5 b5 34.Re5+ Kf6 35.Rxf5+ Kg6
36.c5 Re8 37.Re5 e3 38.fxe3  1-0

[Event "FSIM May"]
[Site "Budapest HUN"]
[Date "2000.05.12"]
[Round "7"]
[White "Vadasz,L"]
[Black "Cooke,E"]
[Result "1-0"]
[WhiteElo "2285"]
[BlackElo "2266"]

1.Nf3 Nf6 2.c4 e6 3.g3 b6 4.Bg2 Bb7 5.O-O c5 6.Nc3 Be7 7.d4 cxd4 8.Qxd4 d6
9.Bg5 a6 10.Bxf6 Bxf6 11.Qd3 O-O 12.Rfd1 Be7 13.Ng5 Bxg5 14.Bxb7 Ra7 15.Be4 f5
16.Bg2 Be7 17.f4 Qc8 18.e4 g6 19.exf5 gxf5 20.Re1 Rf6 21.Re2 Rc7 22.Rae1 Kf8
23.Bd5 exd5 24.Nxd5 Rf7 25.Qd4 Bf6 26.Nxf6 Rxc4 27.Qxd6+ Kg7 28.Nh5+  1-0

[Event "ch-CZE"]
[Site "Opava CZE"]
[Date "2000.05.26"]
[Round "5"]
[White "Konopka,M"]
[Black "Kalod,R"]
[Result "1/2-1/2"]
[WhiteElo "2442"]
[BlackElo "2445"]

1.Nf3 c5 2.g3 b6 3.Bg2 Bb7 4.O-O Nf6 5.c4 e6 6.Nc3 Be7 7.d4 cxd4 8.Qxd4 d6
9.Bg5 a6 10.Bxf6 Bxf6 11.Qd3 Ra7 12.Rad1 Bxf3 13.exf3 Rd7 14.f4 g6 15.b3 O-O
16.h4 Qc7 17.Ne4 Bg7 18.Ng5 Nc6 19.h5 Nd4 20.hxg6 hxg6 21.Be4 Nf5 22.Bxf5 gxf5
23.Qf3 b5 24.Qh5 Rc8 25.Rfe1 Re7 26.Rc1 Qd8 27.cxb5 axb5 28.a4 b4 29.Rxc8 Qxc8
30.Qh7+ Kf8 31.Qh4 Qc3 32.Re3 Qa1+ 33.Kg2 d5 34.Nf3 d4 35.Rd3 Rd7 36.Ne5 Rd5
37.Nc6 Rd7 38.Ne5 Rd5 39.Nc6 Rd7 40.Qh1 Qxh1+ 41.Kxh1 Ke8 42.Nxb4 Rc7 43.Kg2 Rc1
44.a5 Kd7 45.Rd2 Rc5 46.a6 Kc7 47.Nd3 Rc3 48.Ne5 Bxe5 49.fxe5 d3 50.b4 Kb6
51.b5 Kxb5 52.a7 Ra3 53.Rxd3 Rxa7 54.Kh3 Kc4 55.Rd8 f6 56.exf6 Rh7+ 57.Kg2 Rf7
58.Kf3 Rxf6 59.Kf4 Rh6 60.Rd6 Rh2 61.f3 Re2 62.Rd7 Kc5 63.Rd1 Kc4 64.Kg5 Re3
65.Kf4 Re2 66.Rd8 Re1 67.Rd2 Kc3 68.Rd7 Kc4 69.Rd6 Kc5 70.Rd8 Kc6 71.g4 fxg4
72.Kxg4 e5  1/2-1/2

[Event "NOR Team-ch"]
[Site "Oslo NOR"]
[Date "2000.05.31"]
[Round "1"]
[White "Thorstensen,T"]
[Black "Kolas,T"]
[Result "1-0"]
[WhiteElo "2265"]
[BlackElo "2170"]

1.Nf3 Nf6 2.g3 b6 3.Bg2 Bb7 4.O-O c5 5.c4 e6 6.Nc3 Be7 7.Qa4 O-O 8.Rd1 Qc8
9.d4 d5 10.cxd5 Nxd5 11.Ne5 Nxc3 12.bxc3 Bxg2 13.Kxg2 Bf6 14.Bf4 cxd4 15.cxd4 Bxe5
16.Bxe5 Qc6+ 17.Qxc6 Nxc6 18.Rac1 Rac8 19.Bd6 Rfd8 20.Ba3 f6 21.e4 Kf7 22.d5 exd5
23.Rxd5 Ne5 24.Rxd8 Rxd8 25.Rc2 b5 26.Rc5 a6 27.Bb2 Nd3 28.Rc7+ Kg6 29.Bc3 b4
30.Bd2 Nxf2 31.Bxb4 Nxe4 32.Ra7 Rb8 33.a3 Rb6 34.Bf8 Rb2+ 35.Kg1 Ng5 36.Rxg7+ Kf5
37.h4 Nf3+ 38.Kf1 Rd2  1-0

[Event "FSIMA June"]
[Site "Budapest HUN"]
[Date "2000.06.03"]
[Round "1"]
[White "Kolbus,D"]
[Black "Froehlich,P"]
[Result "1/2-1/2"]
[WhiteElo "2286"]
[BlackElo "2375"]

1.Nf3 Nf6 2.c4 b6 3.g3 c5 4.Bg2 Bb7 5.O-O e6 6.Nc3 d6 7.d4 cxd4 8.Qxd4 a6
9.b3 Qc7 10.Bb2 Be7 11.Rac1 O-O 12.Rfd1 Nbd7 13.h3 Rfd8 14.e4 Bf8 15.Qe3 Rac8
16.Ne1 Qb8 17.Nd3 Ba8 18.Ba3 Nc5 19.Nxc5 dxc5 20.e5 Bxg2 21.Kxg2 Qb7+ 22.Qf3 Qxf3+
23.Kxf3 Nd7 24.Ke4 Be7 25.f4 Nb8 26.Rxd8+ Rxd8 27.Rd1 Rxd1 28.Nxd1 Kf8 29.Bb2 h5  1/2-1/2

[Event "FSIMB June"]
[Site "Budapest HUN"]
[Date "2000.06.09"]
[Round "7"]
[White "Vadasz,L"]
[Black "Kaposztas,M"]
[Result "1/2-1/2"]
[WhiteElo "2285"]
[BlackElo "2302"]

1.Nf3 b6 2.g3 Nf6 3.Bg2 Bb7 4.O-O e6 5.c4 c5 6.Nc3 Be7 7.b3 O-O 8.Bb2 d5
9.d3 Nbd7 10.e3 Rc8 11.Qe2  1/2-1/2

[Event "TCh-POR"]
[Site "Aveiro POR"]
[Date "2000.06.11"]
[Round "1"]
[White "Morais,V"]
[Black "Pinheiro,J"]
[Result "1-0"]
[WhiteElo "2156"]
[BlackElo "2272"]

1.Nf3 Nf6 2.g3 b6 3.Bg2 Bb7 4.O-O c5 5.c4 e6 6.Nc3 a6 7.Rb1 d5 8.cxd5 exd5
9.d4 Be7 10.Qc2 O-O 11.Rd1 h6 12.Bf4 Qc8 13.Na4 Nbd7 14.Rbc1 c4 15.Bh3 Qc6
16.Nc3 b5 17.Ne5 Nxe5 18.Bxe5 b4 19.Na4 Rad8 20.Bg2 Rfe8 21.Bxf6 Bxf6 22.Nc5 Bc8
23.e4 Bg4 24.Rd2 Bxd4 25.Rxd4 Qxc5 26.Qd2 Qa5 27.h3 Bc8 28.exd5 Qxa2 29.Rcxc4 a5
30.Rc7 Bd7 31.Ra7 Qa4 32.Rc4 Qb5 33.Rcc7 Be6 34.Rab7 Rxd5 35.Bxd5 Qxd5 36.Qxd5 Bxd5
37.Re7 Rc8 38.Rbc7 Rb8 39.Rc5 Be6 40.Rxa5 Bxh3 41.Raa7 Be6 42.Rab7 Rxb7 43.Rxb7 b3
44.Kf1 g5 45.Ke1 Kg7 46.Kd2 h5 47.Rb4 Kf6 48.Ke3 Kf5 49.f3 Ke5 50.f4+ Kf6
51.Rb5 gxf4+ 52.Kxf4 Kg6 53.Rg5+ Kh6 54.Rg8 Kh7 55.Re8 Kg6 56.Ke5 Kg7 57.Rb8 Kg6
58.Rg8+ Kh7 59.Rg5 Kh6 60.Kf6 Bc4 61.g4  1-0

[Event "ch-IND Women"]
[Site "Mumbai IND"]
[Date "2000.06.18"]
[Round "11"]
[White "Vijayalakshimi,S"]
[Black "Safira,S"]
[Result "1-0"]
[WhiteElo "2383"]
[BlackElo "2136"]

1.Nf3 Nf6 2.c4 b6 3.g3 Bb7 4.Bg2 c5 5.O-O e6 6.Nc3 Be7 7.Re1 Nc6 8.e4 O-O
9.b3 Rc8 10.Bb2 Qc7 11.d4 cxd4 12.Nb5 Qb8 13.Nbxd4 Rfd8 14.Qe2 d6 15.Ba3 Bf8
16.Rad1 Rd7 17.Bb2 Qa8 18.Nxc6 Bxc6 19.Bxf6 gxf6 20.Nd4 Bb7 21.Bh3 Re8 22.Rd3 Rdd8
23.Qg4+ Bg7 24.Nb5 Qb8 25.Red1 f5 26.exf5 exf5 27.Qh5 Be4 28.Nxd6 Bxd3 29.Qxf7+ Kh8
30.Nxe8 Rxe8 31.Rxd3 Qe5 32.Rd7 Qa1+ 33.Kg2 Rf8 34.Qe7 f4 35.gxf4 Rg8 36.Bg4 Qxa2
37.Rd8 Qxb3 38.Rxg8+ Kxg8 39.Be6+  1-0

[Event "White Nights Men"]
[Site "St Petersburg RUS"]
[Date "2000.06.23"]
[Round "1"]
[White "Akhmetov,A"]
[Black "Mirzoev,A"]
[Result "0-1"]
[WhiteElo "2438"]
[BlackElo "2438"]

1.Nf3 Nf6 2.g3 b6 3.Bg2 Bb7 4.O-O c5 5.c4 e6 6.Nc3 Be7 7.Re1 Ne4 8.Nxe4 Bxe4
9.d3 Bb7 10.e4 O-O 11.d4 cxd4 12.Nxd4 d6 13.a4 a6 14.a5 Nd7 15.Bd2 bxa5 16.Bxa5 Qb8
17.b4 Ne5 18.Rc1 Rc8 19.Qe2 Qa7 20.Red1 Rab8 21.h3 Bf8 22.Kh2 g6 23.f4 Nc6
24.Nxc6 Bxc6 25.Rd2 Re8 26.Qf2 Qa8 27.Re1 e5 28.f5 Qb7 29.h4 Rec8 30.fxg6 hxg6
31.h5 g5 32.Qf5 Qe7 33.Bh3 Ba4 34.Qxc8 Rxc8 35.Bxc8 g4 36.Rf2 Qg5 37.Kg2 Bc6
38.b5 axb5 39.cxb5 Bxb5 40.Bb7 Bc4 41.Rf5 Qe7 42.Rb1 Bh6 43.Rf2 Be3 44.Rf5 Qd7
45.Be1 Qa4 46.Rb4 Qc2+ 47.Bf2 Be6  0-1

[Event "FSIMB July"]
[Site "Budapest HUN"]
[Date "2000.07.04"]
[Round "4"]
[White "Naes,F"]
[Black "Yu Mingyuan"]
[Result "0-1"]
[WhiteElo "2257"]
[BlackElo "2419"]

1.Nf3 c5 2.g3 b6 3.Bg2 Bb7 4.O-O Nf6 5.c4 e6 6.Nc3 Be7 7.b3 O-O 8.Bb2 d6
9.Re1 Nbd7 10.d4 cxd4 11.Qxd4 a6 12.Rad1 Qc7 13.Ng5 Bxg2 14.Kxg2 b5 15.cxb5 axb5
16.e4 Qb7 17.Qb4 Rfb8 18.Nf3 Nc5 19.Re2 d5 20.Nd4 Qd7 21.Nf3 Ncxe4 22.Qd4 Qa7
23.Nxe4 Qxd4 24.Nxd4 Nxe4 25.f3 Nd6 26.Nc6 Rb7 27.Nxe7+ Rxe7 28.Rxd5 exd5
29.Rxe7 Rxa2 30.Re2 f6 31.Kf2 Kf7 32.Ke3 Nb7 33.Kd4 Na5 34.Kxd5 Nxb3 35.Rc2 Kg6
36.Rf2 Na5 37.Kc5 Nc4 38.Bd4 Rxf2 39.Bxf2 Nd2 40.Kxb5 Nxf3 41.h3 Ng5 42.h4 Ne4
43.Be1 Kf5 44.Kc4 Kg4  0-1

[Event "29th ch-GRE Team"]
[Site "Athens GRE"]
[Date "2000.07.07"]
[Round "2"]
[White "Nikolaou,G"]
[Black "Papatheodorou,T"]
[Result "1-0"]
[WhiteElo "2141"]
[BlackElo "2274"]

1.Nf3 Nf6 2.c4 e6 3.g3 b6 4.Bg2 Bb7 5.O-O c5 6.Nc3 Be7 7.b3 O-O 8.Bb2 a6
9.Rc1 b5 10.e3 bxc4 11.bxc4 Nc6 12.d4 Na5 13.Na4 Rb8 14.dxc5 Bc6 15.Bd4 Rb4
16.Nb6 Ne4 17.Qe1 Nxc5 18.Qxb4 Ncb3 19.c5 Nxc1 20.Rxc1 Nb7 21.Nc4 f6 22.Nd6 Qa8
23.Ne1 Bxg2 24.Nxg2 Nd8 25.Qb6 e5 26.Nf5 Re8 27.Bc3 Bf8 28.Nd6 Bxd6 29.Qxd6 Nf7
30.Qxd7 Rd8 31.Qe6 Re8 32.Qc4 Qc6 33.e4 Kf8 34.Bd2 Rd8 35.Be3 Ng5 36.Bxg5 Rd4
37.Qb3 fxg5 38.Qb8+ Kf7 39.Qxe5 Qa4 40.Qf5+ Kg8 41.Qe6+ Kf8 42.Qb3  1-0

[Event "t-EuCh U18"]
[Site "Balatonlelle HUN"]
[Date "2000.07.13"]
[Round "5"]
[White "Blasko,I"]
[Black "Kuemin,S"]
[Result "0-1"]
[WhiteElo "2383"]
[BlackElo "2259"]

1.Nf3 Nf6 2.c4 c5 3.g3 b6 4.Bg2 Bb7 5.O-O e6 6.d4 cxd4 7.Qxd4 d6 8.Nc3 Be7
9.Rd1 a6 10.b3 Nbd7 11.Bb2 O-O 12.Rac1 Qc7 13.e4 Rac8 14.Qe3 Rfe8 15.h3 Bf8
16.Nd4 Qb8 17.f4 e5 18.Nde2 d5 19.fxe5 Bc5 20.Nd4 Qxe5 21.cxd5 Nxd5 22.Nxd5 Bxd5
23.Kh2 Nf6 24.Re1 Bxe4 25.Bxe4 Nxe4 26.Qf4 Qxf4 27.gxf4 Nf2 28.Nf5 Nd3 29.Rxe8+ Rxe8
30.Rc2 Ne1 31.Nxg7 Re7  0-1

[Event "10th Smith & Williamson YM"]
[Site "Witley ENG"]
[Date "2000.07.18"]
[Round "5"]
[White "Koneru,H"]
[Black "Broomfield,M"]
[Result "1-0"]
[WhiteElo "2286"]
[BlackElo "2192"]

1.Nf3 Nf6 2.g3 e6 3.Bg2 b6 4.c4 Bb7 5.O-O c5 6.d4 cxd4 7.Qxd4 Be7 8.Nc3 d6
9.Rd1 a6 10.b3 Nc6 11.Qd2 Qc7 12.Bb2 Rc8 13.Rac1 Qb8 14.Ne1 O-O 15.e4 Rfd8
16.Nc2 Ba8 17.Qe2 Nd7 18.Ne3 Bf6 19.Ba3 Bd4 20.Nb1 Nf8 21.Rd2 Qa7 22.Rcd1 Bc5
23.Bb2 Ng6 24.Nc2 Nb4 25.a3 Nxc2 26.Rxc2 a5 27.Nc3 Ne7 28.Nb5 Qb8 29.Bc3 d5
30.exd5 exd5 31.Be5 Qb7 32.cxd5 Nxd5 33.Rcd2 Qe7 34.Bxd5 Bxd5 35.Rxd5 Rxd5
36.Rxd5 f6 37.Qg4 Re8 38.Rd7  1-0

[Event "KB Czech Open"]
[Site "Pardubice CZE"]
[Date "2000.07.22"]
[Round "2"]
[White "Panchenko,AN"]
[Black "Hosticka,F"]
[Result "1-0"]
[WhiteElo "2384"]
[BlackElo "2206"]

1.Nf3 Nf6 2.c4 e6 3.g3 b6 4.Bg2 Bb7 5.O-O c5 6.b3 Be7 7.Bb2 O-O 8.e3 Nc6
9.Nc3 d5 10.cxd5 exd5 11.d4 Ba6 12.Re1 c4 13.bxc4 Bxc4 14.Ne5 Na5 15.Qf3 Rc8
16.g4 h6 17.h4 Bb4 18.Rec1 Nd7 19.Nxd5 Nxe5 20.dxe5 Bxd5 21.Qxd5 Rxc1+ 22.Rxc1 Qxh4
23.e6 fxe6 24.Qxe6+ Kh8 25.Rc2 Be7 26.Qg6 Bf6 27.Be4 Kg8 28.Rc7  1-0

[Event "KB Czech Open"]
[Site "Pardubice CZE"]
[Date "2000.07.29"]
[Round "9"]
[White "Sandner,G"]
[Black "Kasparov,S"]
[Result "1/2-1/2"]
[WhiteElo "2333"]
[BlackElo "2464"]

1.Nf3 Nf6 2.c4 c5 3.g3 b6 4.Bg2 Bb7 5.O-O e6 6.Nc3 Be7 7.Re1 d5 8.cxd5 Nxd5
9.d4 Nxc3 10.bxc3 O-O 11.e4 Nc6 12.Bf4 cxd4 13.cxd4 Bf6 14.Be3 Rc8 15.Rc1 Na5
16.Qd3 Rxc1 17.Rxc1 Qa8  1/2-1/2

[Event "12th Open"]
[Site "Porto POR"]
[Date "2000.07.29"]
[Round "8"]
[White "Frois,A"]
[Black "Rodrigues,R"]
[Result "1-0"]
[WhiteElo "2346"]
[BlackElo "2112"]

1.Nf3 Nf6 2.c4 e6 3.g3 b6 4.Bg2 Bb7 5.O-O c5 6.Nc3 Be7 7.d4 cxd4 8.Qxd4 d6
9.Rd1 a6 10.Bg5 Nbd7 11.Nd2 Bxg2 12.Kxg2 Rc8 13.Nde4 Rc6 14.Nxf6+ Bxf6 15.Bxf6 Nxf6
16.Rd3 Qc7 17.b3 O-O 18.a4 Nd7 19.Rb1 Nc5 20.Rf3 Rb8 21.h3 h6 22.Kh2 Nd7
23.Na2 Ne5 24.Re3 Rc5 25.Nc3 Rc6 26.Rd1 Nd7 27.Na2 a5 28.Nc3 Rd8 29.Nb5 Qb8
30.Qf4 Nc5 31.Rf3 Rd7 32.e4 Rc8 33.Rxd6 e5 34.Qxe5 Re8 35.Qd5  1-0

[Event "4th ch-Arab"]
[Site "Beirut LEB"]
[Date "2000.08.07"]
[Round "3"]
[White "Taleb,M"]
[Black "Khader,S"]
[Result "1-0"]
[WhiteElo "2389"]
[BlackElo "2372"]

1.Nf3 Nf6 2.g3 b6 3.Bg2 Bb7 4.O-O c5 5.c4 e6 6.Nc3 Be7 7.b3 O-O 8.d4 cxd4
9.Qxd4 Nc6 10.Qd2 a6 11.Bb2 Rc8 12.Rfd1 Qc7 13.Rac1 Nb8 14.Qd3 Rfd8 15.Ng5 Bxg2
16.Kxg2 Qb7+ 17.Kg1 d6 18.Nce4 Nxe4 19.Nxe4 d5 20.cxd5 Rxd5 21.Qf3 Rxc1 22.Rxc1 f5
23.Nc3 Rd7 24.Qe3 Kf7 25.Na4 Bd8 26.Be5 Nc6 27.Bb2 a5 28.Qf3 Ne7 29.Qc3 g6
30.Qg7+ Ke8 31.Qh8+ Kf7 32.Qxh7+ Ke8 33.Qh8+ Kf7 34.Bf6 Qd5 35.Qg7+ Ke8 36.Bxe7 Rxe7
37.Qxg6+ Kd7 38.Nc3 Qc6 39.Qg5 Bc7 40.Nb5 Qxb5 41.Rxc7+ Kxc7 42.Qxe7+ Kb8
43.Qxe6 Qc5 44.Qe3 Qb5 45.a4 Qa6 46.h4 Ka7 47.Qe7+ Kb8 48.Qe8+ Ka7 49.h5 Kb7
50.h6 f4 51.Qe5 fxg3  1-0

[Event "ch-ESP"]
[Site "Barcelona ESP"]
[Date "2000.08.19"]
[Round "2"]
[White "Jose Abril,R"]
[Black "Rivas Garcia,V"]
[Result "1-0"]
[WhiteElo "2361"]
[BlackElo "2161"]

1.Nf3 Nf6 2.c4 e6 3.g3 b6 4.Bg2 Bb7 5.O-O c5 6.Nc3 d6 7.Re1 Be7 8.e4 Nbd7
9.d4 cxd4 10.Nxd4 Qc7 11.f4 Rd8 12.Be3 a6 13.Rc1 O-O 14.b4 g6 15.Nd5 exd5
16.cxd5 Qb8 17.Nc6 Bxc6 18.dxc6 Nc5 19.bxc5 dxc5 20.Qe2 Qc8 21.Rcd1 b5 22.h3 Qe6
23.f5 Qe5 24.Bf4 Qc3 25.e5 Nh5 26.f6 Nxf4 27.gxf4 Rxd1 28.Rxd1 Bd8 29.Rd7 Qa5
30.Bd5 Qc3 31.Kg2 Bb6 32.c7  1-0

[Event "Summer Festival Open"]
[Site "Lisbon POR"]
[Date "2000.08.26"]
[Round "6"]
[White "Horvath,Jo"]
[Black "Wohl,A"]
[Result "1/2-1/2"]
[WhiteElo "2558"]
[BlackElo "2461"]

1.Nf3 e6 2.c4 b6 3.g3 Bb7 4.Bg2 c5 5.O-O Nf6 6.Nc3 Be7 7.Re1 O-O 8.e4 d6
9.d4 cxd4 10.Nxd4 Qc8 11.Be3 Nbd7 12.Rc1 a6 13.f4 Ra7 14.Bf2 Ba8 15.f5 e5
16.Nd5 Nxd5 17.cxd5 Rc7 18.Nf3 Bb7 19.Qd2 a5 20.Bf1 Nc5 21.Rc3 Ba6 22.Bxa6 Qxa6
23.Qe2 Qxe2 24.Rxe2 Rfc8 25.Rec2 b5 26.Kf1 f6 27.Nd2 a4 28.b4 axb3 29.axb3 Bd8
30.b4 Nb3 31.Rxc7 Rxc7 32.Rxc7 Nxd2+ 33.Ke2 Bxc7 34.Kxd2  1/2-1/2

[Event "ch-ARM"]
[Site "Yerevan ARM"]
[Date "2000.08.30"]
[Round "1"]
[White "Minasian,Ara"]
[Black "Sargissian,G"]
[Result "1/2-1/2"]
[WhiteElo "2466"]
[BlackElo "2474"]

1.Nf3 Nf6 2.g3 b6 3.Bg2 Bb7 4.c4 c5 5.O-O e6 6.Nc3 d6 7.e3 Be7 8.d4 O-O 9.d5 exd5
10.cxd5 Na6 11.e4 b5 12.Nxb5 Nxe4 13.Re1 Nf6 14.Nh4 Bc8 15.Bf4 Re8 16.Rxe7 Rxe7
17.Nxd6 Bg4 18.Qa4 Nb4 19.Ndf5 Rd7 20.d6 Rc8 21.Bg5 Rxd6 22.Nxd6 Qxd6 23.a3 Bd7
24.Qd1 Nd3 25.Bxf6 gxf6 26.Be4 c4 27.Qh5 Kf8 28.Qxh7 Qd4 29.Bxd3 cxd3 30.Re1 f5
31.Qh6+ Kg8 32.Nf3 Qxb2 33.Ne5 Be6 34.Nxd3 Qxa3 35.Qg5+ Kh7 36.Qh5+ Kg8 37.Qg5+ Kh7
38.Ne5 Qc3 39.Qh5+ Kg7 40.Qg5+ Kh7 41.Qh5+ Kg7 42.Nf3 a5 43.Qg5+ Kf8 44.Re3 Qg7
45.Qf4 Qg4 46.Qd6+ Kg8 47.h3 Qg6 48.Nd4 Re8 49.Kh2 Kh7 50.Re5 a4 51.Nxf5 Qf6
52.g4 a3 53.Ra5 a2 54.Rxa2 Rd8 55.Qa6 Qe5+ 56.Ng3 Bxa2 57.Qxa2 Qf4 58.Qc2+ Kg8
59.Kg2 Qd2 60.Qc7 Qd6 61.Qc3 Qd2 62.Qf3 Qd3 63.Qf6 Qd5+ 64.Kh2 Rd6 65.Nh5 Kf8
66.Qg7+ Ke7 67.Ng3 Kd7 68.Nf5 Rc6 69.Qb2 Rc5 70.Qb4 Qe5+ 71.Kg2 Qd5+ 72.Kg3 Qe5+
73.Kh4 Qf6+ 74.Kg3 Qe5+ 75.Kg2 Qd5+ 76.Kh2 Qe5+ 77.Ng3 Ke8 78.h4 Rd5 79.Qa4+ Kf8
80.Kg2 Qd4 81.Qa3+ Kg8 82.Qf3 Qd3 83.Qf4 Qd2 84.Qe4 Qd4 85.Qe8+ Kg7 86.Qe2 Re5
87.Qc2 Qxg4 88.Qc3 f6 89.Qc7+ Kg8 90.Qb8+ Kf7 91.Qb3+ Re6 92.h5 f5 93.Qb7+ Kf6
94.Qb2+  1/2-1/2

[Event "Open"]
[Site "Abudhabi UAE"]
[Date "2000.09.02"]
[Round "7"]
[White "Kaabi,M"]
[Black "Ghorbani,M"]
[Result "1/2-1/2"]
[WhiteElo "2380"]
[BlackElo "2351"]

1.c4 e6 2.Nf3 Nf6 3.g3 b6 4.Bg2 Bb7 5.O-O c5 6.Nc3 Be7 7.d4 cxd4 8.Qxd4 Nc6
9.Qd2 O-O 10.b3 Rc8 11.Bb2 d6 12.Rfd1 Qd7 13.e4 Rfd8 14.Rac1 Qe8 15.h3 Ba8
16.Qe3 h6 17.Rd2 Rd7 18.Rcd1 Rcd8 19.Ba3 Nb8 20.Nd4 Na6 21.Bb2 Bf8 22.Ndb5 Bc6
23.Kh2 e5 24.Na3 Nc7 25.Nc2 Bb7 26.Nb4 Ne6 27.Ncd5 Nh7 28.a4 Nc5 29.Nc2 Ng5
30.Ra1 Rc8 31.a5 Bxd5 32.cxd5 bxa5 33.Rxa5 Rb7 34.b4 Na4 35.Ba1 Nb6 36.Na3 Nc4
37.Nxc4 Rxc4 38.Bc3 Qc8 39.Rd3 Rbc7 40.Bd2 Qb8 41.Rda3 Rc2 42.Ra6 Nh7 43.Bf1 Ng5
44.Bg2 Nh7 45.Rc6 R2xc6 46.dxc6 Nf6 47.Ra6 Qb5 48.Rxa7 Rxc6 49.Qb3 Qc4 50.Qxc4 Rxc4
51.b5 Rc2 52.Be3 Rb2 53.b6 h5 54.Rc7 Ne8 55.Rc8 Nf6 56.Bf1 Nd7 57.Rc6 g6
58.Bc4 Nf6 59.Rc7 Nxe4 60.Rxf7 Nc5 61.b7 Na6 62.Rd7+  1/2-1/2

[Event "chT-POL"]
[Site "Zakopane chT"]
[Date "2000.09.02"]
[Round "1"]
[White "Lobejko,R"]
[Black "Rozentalis,E"]
[Result "0-1"]
[WhiteElo "2383"]
[BlackElo "2570"]

1.Nf3 Nf6 2.g3 b6 3.Bg2 Bb7 4.O-O e6 5.c4 c5 6.b3 Be7 7.Bb2 O-O 8.Nc3 d6
9.d4 cxd4 10.Qxd4 Nc6 11.Qd2 a6 12.Ng5 Ne8 13.h4 h6 14.Nh3 Qb8 15.Nf4 Ne5
16.a4 Bxg2 17.Kxg2 Qb7+ 18.f3 Nf6 19.e4 Rfd8 20.Rfd1 Nfd7 21.Rab1 Nc5 22.Ba3 Rac8
23.Qe3 Bf8 24.Nfe2 g6 25.Bc1 Bg7 26.Qg1 b5 27.cxb5 axb5 28.axb5 d5 29.exd5 exd5
30.Nd4 Ne6 31.Nce2 Nc7 32.Bf4 Nxb5 33.Qe3 Re8 34.Nxb5 Qxb5 35.Nd4 Qd7 36.Qd2 Nc6
37.Nxc6 Rxc6 38.Re1 Rxe1 39.Qxe1 Rc2+ 40.Bd2 Qf5 41.Rd1  0-1

[Event "chT-POL"]
[Site "Zakopane chT"]
[Date "2000.09.09"]
[Round "7"]
[White "Skalik,P"]
[Black "Rozentalis,E"]
[Result "0-1"]
[WhiteElo "2420"]
[BlackElo "2570"]

1.Nf3 Nf6 2.c4 b6 3.g3 Bb7 4.Bg2 c5 5.O-O e6 6.Nc3 Be7 7.Re1 O-O 8.e4 d6
9.d4 cxd4 10.Nxd4 Ne8 11.Be3 Nd7 12.Rc1 a6 13.f4 g6 14.e5 Bxg2 15.Kxg2 Rc8
16.Qf3 Nb8 17.exd6 Nxd6 18.b3 Qc7 19.g4 Nd7 20.Bf2 Bf6 21.f5 Bg7 22.Qg3 Nc5
23.fxe6 fxe6 24.Nxe6 Qb7+ 25.Kg1 Bxc3 26.Bxc5  0-1

[Event "chT-POL"]
[Site "Zakopane chT"]
[Date "2000.09.09"]
[Round "7"]
[White "Schmidt,Wl"]
[Black "Lobejko,R"]
[Result "1/2-1/2"]
[WhiteElo "2434"]
[BlackElo "2383"]

1.Nf3 Nf6 2.c4 b6 3.g3 Bb7 4.Bg2 c5 5.O-O e6 6.b3 Be7 7.Bb2 O-O 8.Nc3 d6
9.d4 cxd4 10.Nxd4 Bxg2 11.Kxg2 Qc7 12.e3 Nc6 13.Nxc6 Qxc6+ 14.Qf3 Qxf3+ 15.Kxf3 Rfd8
16.Rfd1 a6 17.Rd2 Rab8 18.Ne4  1/2-1/2

[Event "Najdorf Final KO"]
[Site "Buenos Aires ARG"]
[Date "2000.09.10"]
[Round "1.2"]
[White "Fiorito,F"]
[Black "Lafuente,P"]
[Result "1/2-1/2"]
[WhiteElo "2418"]
[BlackElo "2291"]

1.Nf3 Nf6 2.g3 b6 3.Bg2 Bb7 4.O-O c5 5.c4 e6 6.Nc3 Be7 7.Re1 O-O 8.e4 d6
9.d4 cxd4 10.Nxd4 Nbd7 11.f4 a6 12.Be3 Re8 13.Rc1 Nf8 14.Qd2 N6d7 15.b3 Qc7
16.Bf2 Rac8 17.g4 Ng6 18.f5 Ngf8 19.Be3 Ne5 20.Bh3 d5 21.exd5 Bc5 22.Rf1 b5
23.cxb5 Bb4 24.Nc6 Bxc6 25.dxc6 Rcd8 26.Qg2 Rd3 27.b6 Qxc6 28.Qxc6 Nxc6 29.Nd1 Ne7
30.Bg2 Nd5 31.Bxd5 Rxd5 32.Rc4 a5 33.b7 Rb8 34.fxe6 Rxb7 35.exf7+ Rxf7 36.Rxf7 Kxf7
37.Rf4+ Kg8 38.Nb2 Ng6 39.Re4 Ne5 40.Kg2 Kf7 41.Nc4 Nxc4 42.Rxc4 Rd1 43.Kf3 Rh1
44.Rc7+ Kg8 45.Rc2 Kf7 46.Kg2 Rd1 47.h4 Rd3 48.Kf3 Rd1 49.h5 h6 50.Rc4 Rf1+
51.Kg2 Rd1 52.Bd4 g6 53.Be3 gxh5 54.gxh5 Rd5 55.Rh4 Be7 56.Rh1 Bg5 57.Bxg5 Rxg5+
58.Kf3 Ke6 59.Rh4 Kd5 60.Ra4 Kc6 61.Rh4 Kd5 62.a3 Kc5 63.b4+ axb4 64.axb4+ Kb5  1/2-1/2

[Event "chT-POL"]
[Site "Zakopane chT"]
[Date "2000.09.11"]
[Round "9"]
[White "Skalik,P"]
[Black "Staniszewski,Pi"]
[Result "0-1"]
[WhiteElo "2420"]
[BlackElo "2434"]

1.Nf3 Nf6 2.c4 b6 3.g3 c5 4.Bg2 Bb7 5.O-O e6 6.Nc3 Be7 7.Re1 Ne4 8.d4 Nxc3
9.bxc3 Nc6 10.d5 Na5 11.Nd2 O-O 12.e4 e5 13.Bf1 Ba6 14.Bd3 Bg5 15.Qe2 Bxd2
16.Bxd2 d6 17.h4 Qd7 18.a4 Qh3 19.Rf1 Rae8 20.Be1 f5 21.f3 Bc8 22.Rf2 Qxg3+
23.Rg2 Qf4 24.Rg5 Nb3 25.Rd1 Nc1 26.Qg2 Nxd3 27.Rxg7+ Kh8 28.Rxd3 Rg8 29.Rg5 h6
30.Rg3 Qc1 31.Kf1 Rxg3 32.Qxg3 Rg8 33.Qf2 f4 34.Ke2 Ba6  0-1

[Event "ch-HUN KO"]
[Site "Budapest HUN"]
[Date "2000.10.03"]
[Round "4.2"]
[White "Almasi,I"]
[Black "Kahn,E"]
[Result "0-1"]
[WhiteElo "2429"]
[BlackElo "2346"]

1.Nf3 Nf6 2.g3 c5 3.c4 b6 4.Bg2 Bb7 5.O-O e6 6.Nc3 Be7 7.b3 O-O 8.Bb2 d6
9.e3 Nbd7 10.d4 cxd4 11.Nxd4 Qc8 12.Bxb7 Qxb7 13.Qf3 d5 14.Rad1 Ne5 15.Qg2 Rfd8
16.cxd5 Nxd5 17.Nxe6 fxe6 18.Nxd5 Rxd5 19.Rxd5 exd5 20.Bxe5 Rc8 21.Rd1 Rc2
22.a4 Rc5 23.Qh3 Qc6 24.Bd4 Rc2 25.Qf5 h6 26.Qd3 Rc1 27.Rxc1 Qxc1+ 28.Kg2 Qc6
29.Qf5 Bc5 30.Qe5 Qd7 31.e4 dxe4 32.Bxc5 bxc5 33.Qxc5 Kh8 34.h3 Qb7 35.Kh2 Qxb3
36.Qxa7 e3 37.Qa8+ Kh7 38.Qe4+ Kh8 39.fxe3 Qa2+ 40.Kg1 Qa1+ 41.Kf2 Qb2+ 42.Kf3 Qf6+
43.Ke2 Qb2+ 44.Kd1 Qb3+ 45.Kd2 Qa2+ 46.Ke1 Qa1+ 47.Ke2 Qb2+ 48.Kf3 Qf6+ 49.Qf4 Qc6+
50.e4 Qxa4 51.Qf8+ Kh7 52.Qf5+ Kh8 53.Qd5 Qa3+ 54.Kg4 Qe3 55.Qf5 Qe2+ 56.Qf3 h5+  0-1

[Event "It"]
[Site "Medellin COL"]
[Date "2000.10.08"]
[Round "13"]
[White "Agudelo,A"]
[Black "Alzate,D"]
[Result "1-0"]
[WhiteElo "2355"]
[BlackElo "2419"]

1.Nf3 Nf6 2.c4 c5 3.g3 b6 4.Bg2 Bb7 5.O-O e6 6.Nc3 Be7 7.Re1 d6 8.d4 cxd4
9.Nxd4 Bxg2 10.Kxg2 O-O 11.e4 Qc8 12.b3 a6 13.Bb2 Nc6 14.Rc1 Qb7 15.Nxc6 Qxc6
16.Qe2 Qb7 17.f3 Rfc8 18.Red1 Nd7 19.Rd2 Bf8 20.Rcd1 Qc6 21.Ba3 Nc5 22.e5 dxe5
23.Qxe5 f6 24.Qh5 b5 25.b4 Nb7 26.Rd7 Nd8 27.Ne4 e5 28.R1d6 Qxe4 29.fxe4 Bxd6
30.Rxd6 Nf7 31.Rd7 g6 32.Qd1 Rd8 33.c5 Rxd7 34.Qxd7 Rd8 35.Qe6 Rd2+ 36.Kf1 Kg7
37.h4 h5 38.Ke1 Rd4 39.Qxa6 g5 40.Qxb5 gxh4 41.gxh4 Rxe4+ 42.Kf1 Rf4+ 43.Ke1 Rxh4
44.Qc6 Ng5 45.Bc1 Ne4 46.Be3 f5 47.Qd7+  1-0

[Event "34th Olympiad"]
[Site "Istanbul TUR"]
[Date "2000.10.31"]
[Round "4"]
[White "Papaioannou,I"]
[Black "Kveinys,A"]
[Result "1/2-1/2"]
[WhiteElo "2578"]
[BlackElo "2522"]

1.Nf3 Nf6 2.c4 b6 3.g3 Bb7 4.Bg2 c5 5.O-O e6 6.Nc3 Be7 7.d4 cxd4 8.Qxd4 O-O
9.Bg5 d6 10.Bxf6 Bxf6 11.Qd3 Qe7 12.Rad1 Na6 13.Qxd6 Qxd6 14.Rxd6 Bxc3 15.bxc3 Bxf3
16.Bxf3 Rad8 17.Rfd1 Rxd6 18.Rxd6 Nc5 19.Rc6 g6 20.Rc7  1/2-1/2

[Event "34th Olympiad"]
[Site "Istanbul TUR"]
[Date "2000.11.02"]
[Round "6"]
[White "Daoud Mod,R"]
[Black "Munoz Sotomayor,H"]
[Result "1/2-1/2"]
[WhiteElo "2143"]
[BlackElo "2322"]

1.Nf3 c5 2.g3 b6 3.Bg2 Bb7 4.O-O e6 5.c4 Nf6 6.b3 Be7 7.Bb2 O-O 8.Nc3 a6
9.d4 cxd4 10.Qxd4 d6 11.Rad1 Nc6 12.Qd3 Qc7 13.Ne4 Nxe4 14.Qxe4 Ne5 15.Qd4 Nxf3+
16.Bxf3 Bf6 17.Qd2 Bxb2 18.Bxb7 Qxb7 19.Qxb2 Rfd8 20.Rd3  1/2-1/2

[Event "34th Olympiad"]
[Site "Istanbul TUR"]
[Date "2000.11.09"]
[Round "12"]
[White "Chumfwa,S"]
[Black "Uribe,M"]
[Result "1/2-1/2"]
[WhiteElo "2200"]
[BlackElo "2293"]

1.Nf3 Nf6 2.c4 b6 3.g3 Bb7 4.Bg2 e6 5.O-O c5 6.Nc3 Be7 7.Re1 d6 8.e4 Nbd7
9.d4 cxd4 10.Nxd4 Qb8 11.Nd5 exd5 12.exd5 Kd8 13.Nc6+ Bxc6 14.dxc6 Qc7 15.cxd7 Rb8
16.Bf4 Qxd7 17.b4 Rc8 18.Bh3 Qxh3 19.Rxe7 d5 20.Rxa7 Rxc4 21.Bg5 Qe6 22.Ra8+ Rc8
23.Ra6 Re8 24.Qd4 Rc4 25.Bxf6+ gxf6 26.Qxb6+ Qxb6 27.Rxb6 Re6 28.Rb5 Rd6
29.Rd1 d4 30.Rd3 Kc7 31.a3 Rc3 32.Rc5+ Rxc5 33.bxc5 Rd5 34.Kf1 Kc6 35.Ke2 Kxc5
36.Rf3 Kc4 37.Rxf6 Rb5 38.Rc6+ Kd5 39.Rc2 Rb3 40.Ra2 Kc4 41.a4 Kc3 42.a5  1/2-1/2